| 000 | 00825 a2200217 4500 | ||
|---|---|---|---|
| 010 | _aENG-85663 | ||
| 020 | _c120.00 | ||
| 035 | _aEN-69196 | ||
| 037 | _bD.B.Act / Pub | ||
| 082 | 1 | 4 | _a658.0072 |
| 090 |
_c3367 _d3367 |
||
| 100 | 1 | _aRamachandra, K. | |
| 245 | 1 |
_aBusiness research methods _bfor fourth semester, BBM Banglore Universty _cby K. Ramachandra, B. Chandrashekara and S. Shivakumar |
|
| 260 |
_aMumbai _bHimalaya Publishing House _c2006 |
||
| 270 |
_a"Ramdoot", Dr. Bhalerao Marg, Girgaon _bMumbai _e400 004 _k022-23860170, 022-23863863 _l022-23877178 _mhimpub@vsnl.net.in |
||
| 300 |
_axii, 162 p. _c22 cm ( Pbk.) |
||
| 700 | 1 | _aChandrashekara, B. | |
| 700 | 1 | _aShivakumar, S. | |
| 942 |
_adpl _cEN _k658.0072 / RAM |
||
| 999 |
_c3300 _d3300 |
||